The revolution in Tanner's lane /

Bibliographic Details
Main Author: White, William Hale, 1831-1913
Format: Book
Language:English
Published: New York : J. Cape and H. Smith, [1929]
Series:Travellers' Library.

MARC

Tag First Indicator Second Indicator Subfields
LEADER 00000cam a2200000 4500
001 in00000691521
005 20151015170004.0
008 720725s1929 nyu 00011 eng u
035 |a (OCoLC)00365176 
035 |9 ACZ9086AM 
040 |c WSU  |d TXA  |d UtOrBLW 
049 |a TXAM  |c [1205427] 
090 |a PZ3.W5862  |b R11 
100 1 |a White, William Hale,  |d 1831-1913. 
245 1 4 |a The revolution in Tanner's lane /  |c by Mark Rutherford [pseudonym]. 
264 1 |a New York :  |b J. Cape and H. Smith,  |c [1929] 
300 |a 317 pages 
336 |a text  |b txt  |2 rdacontent 
337 |a unmediated  |b n  |2 rdamedia 
338 |a volume  |b nc  |2 rdacarrier 
490 1 |a The Traveller's library 
830 0 |a Travellers' Library. 
999 |a MARS 
999 f f |s 820fb8ee-cbff-3c83-8af6-6e240a0bfa58  |i 47780df4-2ab9-36ef-aa38-0761a92fe050  |t 0 
952 f f |p ric  |a Texas A&M University  |b Rellis Campus  |c Joint Library Facility  |d Remote Storage  |t 0  |e PZ3.W5862 R11  |h Library of Congress classification  |i unmediated -- volume  |m A14804295824 
998 f f |a PZ3.W5862 R11  |t 0  |l Remote Storage